[Event "XXI Weekend B"]
[Site "Ceriano Laghetto ITA"]
[Date "2012.03.??"]
[Round "1"]
[White "Adami, Alessandro"]
[Black "Falchi, Claudio"]
[WhiteElo "1727"]
[BlackElo "1887"]
[Result "1/2-1/2"]
[PlyCount "147"]
[EventDate "2012.03.23"]

1. e4 e6 2. d4 d5 3. exd5 exd5 4. Bd3 Bd6 5. Qf3 Nf6 6. h3 O-O 7. Bf4 Be6 8.
Ne2 Nc6 9. Bxd6 Qxd6 10. c3 Ne7 11. Nd2 Ng6 12. Qg3 Qd7 13. O-O Bf5 14. Rfe1
Rfe8 15. Qf3 Be4 16. Bxe4 dxe4 17. Qg3 Nd5 18. Nc4 Re6 19. Ne3 Nxe3 20. Qxe3
Ne7 21. Ng3 Nd5 22. Qd2 Rae8 23. c4 e3 24. fxe3 Nxe3 25. b3 Qd6 26. Nf1 Nf5 27.
d5 Qc5+ 28. Qf2 Qxf2+ 29. Kxf2 Re4 30. Rxe4 Rxe4 31. Kf3 Rd4 32. Re1 Kf8 33.
Ne3 Nxe3 34. Kxe3 Rh4 35. Kf3 Rh5 36. Kf4 Rh6 37. Re4 Rh4+ 38. Kf3 Rh6 39. b4
Ra6 40. Re2 Ra4 41. Rb2 Ke7 42. Ke4 b6 43. Kd4 Kd6 44. Kd3 Ra3+ 45. Kd4 Ra4 46.
Kd3 a5 47. bxa5 Rxa5 48. Kd4 Ra4 49. Kd3 Ra3+ 50. Kd4 Rg3 51. Rf2 f6 52. Re2
Ra3 53. Re6+ Kd7 54. Re2 Ra4 55. Kc3 Ra5 56. Kb4 Rc5 57. Re3 Ra5 58. Re2 Ra8
59. Kb3 h5 60. Re3 Rd8 61. Re6 Rh8 62. Kb4 Ra8 63. Kb3 Rf8 64. Re3 Rf7 65. Kb4
Rf8 66. Kb3 Rc8 67. Re2 Rg8 68. Re6 Ra8 69. Re3 Rh8 70. Re6 Rg8 71. Kc3 Ra8 72.
Kb3 Rh8 73. Kb4 Ra8 74. Kb3 1/2-1/2

[Event "XXI Weekend B"]
[Site "Ceriano Laghetto ITA"]
[Date "2012.03.??"]
[Round "1"]
[White "Arruzza, Francesco"]
[Black "Adami, Antonio"]
[WhiteElo "1830"]
[BlackElo "1705"]
[Result "1-0"]
[PlyCount "91"]
[EventDate "2012.03.23"]

1. e4 c5 2. Nf3 d6 3. d4 cxd4 4. Nxd4 Nf6 5. f3 h5 6. c4 e5 7. Nc2 Nxe4 8. fxe4
Qh4+ 9. Kd2 Qf4+ 10. Ne3 Qxe4 11. Nc3 Qg6 12. Bd3 f5 13. Qe2 Be7 14. Ncd5 Bd8
15. Rf1 O-O 16. Qf2 Nc6 17. Kd1 Nd4 18. Bd2 Be6 19. Bc3 Kh8 20. Bxd4 exd4 21.
Nc2 Bxd5 22. cxd5 Qf6 23. Qxf5 Qxf5 24. Rxf5 Rxf5 25. Bxf5 Bf6 26. Kd2 Be5 27.
h3 Rf8 28. Rf1 g6 29. Bd3 Rxf1 30. Bxf1 Kg7 31. Kd3 Kf6 32. Nxd4 Bxd4 33. Kxd4
g5 34. Be2 h4 35. Ke4 Kg6 36. Bg4 Kf6 37. Bh5 b6 38. b4 a6 39. Be2 a5 40. bxa5
bxa5 41. Bh5 a4 42. a3 Kg7 43. Bd1 Kg6 44. Bxa4 g4 45. hxg4 Kg5 46. Kf3 1-0

[Event "XXI Weekend B"]
[Site "Ceriano Laghetto ITA"]
[Date "2012.03.??"]
[Round "1"]
[White "Burani, Eugenio"]
[Black "Casale, Anania"]
[WhiteElo "1879"]
[BlackElo "1725"]
[Result "1-0"]
[PlyCount "77"]
[EventDate "2012.03.23"]

1. e4 c5 2. Nf3 e6 3. d4 cxd4 4. Nxd4 a6 5. c4 Nf6 6. Bd3 Be7 7. O-O d6 8. Nc3
O-O 9. Be3 Bd7 10. f4 e5 11. fxe5 dxe5 12. Nf5 Bxf5 13. Rxf5 Nbd7 14. Nd5 g6
15. Nxe7+ Qxe7 16. Rf1 Nc5 17. Bg5 Ncxe4 18. Bh4 Qc5+ 19. Kh1 Qc6 20. Qf3 g5
21. Rae1 gxh4 22. Bxe4 Nxe4 23. Rxe4 f6 24. Qf5 h3 25. Rf3 hxg2+ 26. Kxg2 Rf7
27. Kf2 Rd8 28. Rg4+ Kh8 29. Rfg3 Qd7 30. Qxd7 Rfxd7 31. Ke3 Rd3+ 32. Ke4 Rxg3
33. Rxg3 Rc8 34. Rb3 Rxc4+ 35. Kf5 Rf4+ 36. Ke6 e4 37. Rxb7 e3 38. Kf7 h5 39.
Ke7 1-0

[Event "XXI Weekend B"]
[Site "Ceriano Laghetto ITA"]
[Date "2012.03.??"]
[Round "1"]
[White "Caldarola, Stefano"]
[Black "Giovarruscio, Gabriele"]
[WhiteElo "1851"]
[BlackElo "1722"]
[Result "1-0"]
[PlyCount "113"]
[EventDate "2012.03.23"]

1. d4 d5 2. c4 e6 3. Nf3 Nf6 4. g3 Bd6 5. Bg2 O-O 6. O-O Nbd7 7. Nbd2 c6 8. Qc2
b6 9. Rd1 Bb7 10. e4 dxe4 11. Nxe4 Nxe4 12. Qxe4 Nf6 13. Qc2 Qe7 14. a3 c5 15.
dxc5 bxc5 16. Bg5 Rfd8 17. Nh4 Bxg2 18. Nxg2 h6 19. Bf4 Bxf4 20. Nxf4 Rxd1+ 21.
Rxd1 Rd8 22. Rd2 Rxd2 23. Qxd2 Qc7 24. Qc3 Qb6 25. Nd3 Nd7 26. b4 f6 27. bxc5
Nxc5 28. Nxc5 Qxc5 29. Qb4 Qd4 30. a4 Kf7 31. Qb7+ Kg6 32. Qc6 e5 33. c5 e4 34.
Qe8+ Kh7 35. Qh5 Qxa4 36. Qd5 Qc2 37. c6 a5 38. Qd7 e3 39. fxe3 Qb1+ 40. Kf2
Qc2+ 41. Kf3 Qxh2 42. c7 Qh1+ 43. Kf4 Qf1+ 44. Ke4 Qc4+ 45. Kf5 Qf1+ 46. Ke6
Qc4+ 47. Ke7 Qc5+ 48. Qd6 Qxe3+ 49. Kd8 Qb3 50. c8=Q Qg8+ 51. Kc7 Qc4+ 52. Kb7
Qb5+ 53. Ka7 Qf1 54. Qc2+ f5 55. Qcc6 Qg1+ 56. Qb6 Qa1 57. Qg6+ 1-0

[Event "XXI Weekend B"]
[Site "Ceriano Laghetto ITA"]
[Date "2012.03.??"]
[Round "1"]
[White "Carbone, Lorenzo"]
[Black "Brioschi, Camillo"]
[WhiteElo "1706"]
[BlackElo "1839"]
[Result "1/2-1/2"]
[PlyCount "48"]
[EventDate "2012.03.23"]

1. e4 e5 2. Nf3 Nc6 3. Bb5 a6 4. Ba4 Nf6 5. O-O Nxe4 6. Re1 Nc5 7. Bxc6 bxc6 8.
Nxe5 Be7 9. d4 Ne6 10. c4 O-O 11. Be3 f6 12. Nf3 d5 13. c5 Rb8 14. b3 Re8 15.
Nc3 Nf8 16. h3 Ng6 17. Ne2 Bf5 18. Ng3 Qd7 19. Nxf5 Qxf5 20. Qb1 Qxb1 21. Raxb1
Bf8 22. Bd2 Re4 23. Ba5 Rc8 24. Rbd1 Kf7 1/2-1/2

[Event "XXI Weekend B"]
[Site "Ceriano Laghetto ITA"]
[Date "2012.03.??"]
[Round "1"]
[White "Colombo, Luca"]
[Black "Merlotti, Marco"]
[WhiteElo "1887"]
[BlackElo "1734"]
[Result "0-1"]
[PlyCount "180"]
[EventDate "2012.03.23"]

1. e4 e5 2. Nf3 Nc6 3. Bb5 Nf6 4. O-O Nxe4 5. Re1 Nd6 6. Bxc6 dxc6 7. Nxe5 Be7
8. d4 O-O 9. c3 Be6 10. Nd2 Re8 11. Ndf3 Nc4 12. Nd3 Bd6 13. b3 Nb6 14. c4 Nd7
15. Bb2 Nf6 16. h3 a5 17. Nde5 Nd7 18. Qc1 Nxe5 19. Nxe5 f6 20. Nd3 Bf7 21. Qd2
b6 22. Rxe8+ Qxe8 23. Re1 Qd7 24. Bc3 Rd8 25. Re2 Re8 26. Nb2 Rxe2 27. Qxe2 Qe7
28. Qf3 Qe8 29. Na4 b5 30. cxb5 cxb5 31. Nc5 a4 32. bxa4 bxa4 33. a3 Bxc5 34.
dxc5 c6 35. Qg4 Qb8 36. Qxa4 Qb1+ 37. Kh2 Qb8+ 38. g3 Bd5 39. Qb4 Qe8 40. Qg4
Qe7 41. Bb4 Qe5 42. Qf4 Qa1 43. f3 Qf1 44. Qe3 Kf7 45. Be1 Bxf3 46. Qg1 Qe2+
47. Qf2 Qxf2+ 48. Bxf2 Bd1 49. Kg2 Ke6 50. Kf1 f5 51. Ke1 Ba4 52. Kd2 Kd5 53.
Kc3 g5 54. Kb4 Bb5 55. a4 Be2 56. Ka5 Bd1 57. Kb4 Be2 58. Kc3 f4 59. a5 fxg3
60. Bxg3 Kxc5 61. Bc7 Kb5 62. Bd8 Bf1 63. Bxg5 Bxh3 64. Bd8 Be6 65. Bb6 h5 66.
Bf2 Kxa5 67. Bh4 c5 68. Be7 c4 69. Bh4 Kb5 70. Be7 Kc6 71. Kd4 Kd7 72. Bf6 Bg8
73. Ke4 Ke6 74. Bc3 Kd6 75. Kd4 h4 76. Be1 h3 77. Bg3+ Kc6 78. Bf4 Kb5 79. Kc3
Kc5 80. Kd2 Kd4 81. Bh2 c3+ 82. Kc2 Bh7+ 83. Kc1 c2 84. Kd2 Kc4 85. Bf4 Kb3 86.
Kc1 Kc3 87. Be5+ Kd3 88. Bg3 Ke2 89. Bf4 Kf3 90. Be5 Kg2 0-1

[Event "XXI Weekend B"]
[Site "Ceriano Laghetto ITA"]
[Date "2012.03.??"]
[Round "1"]
[White "Lancianese, Giuseppe"]
[Black "Tagliaferri, Valerio"]
[WhiteElo "1719"]
[BlackElo "1851"]
[Result "0-1"]
[PlyCount "52"]
[EventDate "2012.03.23"]

1. d4 d5 2. Nf3 Nf6 3. Bf4 Bg4 4. e3 e6 5. Bd3 c5 6. c3 Nc6 7. Nbd2 cxd4 8.
exd4 Bd6 9. Bg3 O-O 10. Qc2 h6 11. O-O Re8 12. Ne5 Bxe5 13. dxe5 Nd7 14. f4 Nc5
15. Nf3 Rc8 16. Bb5 Bf5 17. Qd1 Ne4 18. Bxc6 bxc6 19. Bf2 c5 20. Qe2 Rb8 21. c4
Nxf2 22. Rxf2 d4 23. b3 Qa5 24. Qd2 Qa3 25. Qc1 Qa6 26. Qd2 Rxb3 0-1

[Event "XXI Weekend B"]
[Site "Ceriano Laghetto ITA"]
[Date "2012.03.??"]
[Round "1"]
[White "Lipari, Alberto"]
[Black "Miracola, Giorgia"]
[WhiteElo "1609"]
[BlackElo "1796"]
[Result "0-1"]
[PlyCount "100"]
[EventDate "2012.03.23"]

1. c4 e5 2. Nc3 Nf6 3. g3 Nc6 4. a3 a6 5. Bg2 Bc5 6. e3 O-O 7. Nge2 Re8 8. O-O
d6 9. d4 Ba7 10. b4 Bg4 11. Qd3 e4 12. Qc2 Qd7 13. Nf4 Bf5 14. Nfd5 Nxd5 15.
cxd5 Ne7 16. Qb3 Ng6 17. h4 Bh3 18. Kh2 Bxg2 19. Kxg2 Qg4 20. Kh2 c5 21. dxc6
bxc6 22. Qd1 Qe6 23. f4 Qc4 24. Bd2 Bxd4 25. Rc1 Ba7 26. Ne2 Qd5 27. Nc3 Qf5
28. Qe2 d5 29. g4 Qf6 30. g5 Qf5 31. h5 Nh4 32. Kg3 Nf3 33. Nd1 Rec8 34. Rxf3
exf3 35. Qxf3 c5 36. Nc3 Rd8 37. b5 axb5 38. Nxb5 Qd3 39. Nxa7 Rxa7 40. Rd1
Qxa3 41. Bc1 Qb3 42. Kg4 Rad7 43. Qe2 d4 44. Rd3 Qb5 45. Bb2 dxe3 46. Rxe3
Qxe2+ 47. Rxe2 Rd2 48. Rxd2 Rxd2 49. Ba3 c4 50. Kf3 Rd3+ 0-1

[Event "XXI Weekend B"]
[Site "Ceriano Laghetto ITA"]
[Date "2012.03.??"]
[Round "1"]
[White "Manca, Renato"]
[Black "Coppola, Federico"]
[WhiteElo "1701"]
[BlackElo "1825"]
[Result "0-1"]
[PlyCount "43"]
[EventDate "2012.03.23"]

1. e4 c5 2. d4 cxd4 3. c3 dxc3 4. Nxc3 Nc6 5. Bc4 e6 6. Nf3 Be7 7. O-O d6 8.
Qe2 a6 9. Rd1 Qc7 10. Bf4 Nf6 11. Rac1 O-O 12. e5 Ne8 13. exd6 Bxd6 14. Rxd6
Nxd6 15. Ne4 e5 16. Nxd6 Qxd6 17. Rd1 Qe7 18. Bg5 Qc7 19. Qe4 Nd4 20. Nxe5 Nc6
21. Nxf7 Qxf7 22. Be3 0-1

[Event "XXI Weekend B"]
[Site "Ceriano Laghetto ITA"]
[Date "2012.03.??"]
[Round "1"]
[White "Montilli, Vincenzo"]
[Black "Turchi, Alessandro"]
[WhiteElo "1813"]
[BlackElo "1697"]
[Result "1-0"]
[PlyCount "73"]
[EventDate "2012.03.23"]

1. d4 Nf6 2. c4 e6 3. Nc3 Bb4 4. Qc2 O-O 5. Bg5 d5 6. a3 Bxc3+ 7. Qxc3 c6 8.
Nf3 Ne4 9. Bxd8 Nxc3 10. Bh4 Ne4 11. e3 Nd7 12. Bd3 Nef6 13. O-O b6 14. b4 Ba6
15. Rfc1 Rfc8 16. Bf1 Bb7 17. c5 b5 18. a4 a6 19. Nd2 h6 20. f3 g5 21. Bf2 Ne8
22. Nb3 f5 23. Bd3 Ndf6 24. Ra2 h5 25. Re1 h4 26. e4 f4 27. g3 h3 28. gxf4 gxf4
29. Bf1 dxe4 30. fxe4 Ng4 31. Bxh3 Nxf2 32. Bxe6+ Kh7 33. Bxc8 Bxc8 34. Rxf2
bxa4 35. Na5 Bd7 36. Rxf4 Rb8 37. Rf7+ 1-0

[Event "XXI Weekend B"]
[Site "Ceriano Laghetto ITA"]
[Date "2012.03.??"]
[Round "1"]
[White "Moroni, Luca"]
[Black "Mason, Giovanni"]
[WhiteElo "1801"]
[BlackElo "1673"]
[Result "1/2-1/2"]
[PlyCount "26"]
[EventDate "2012.03.23"]

1. Nf3 Nf6 2. d4 e6 3. Bf4 b6 4. h3 Bb7 5. e3 h6 6. Bc4 d5 7. Be2 a6 8. c3 Be7
9. Nbd2 Nbd7 10. a4 g5 11. Bh2 c5 12. Ne5 Nxe5 13. Bxe5 Bd6 1/2-1/2

[Event "XXI Weekend B"]
[Site "Ceriano Laghetto ITA"]
[Date "2012.03.??"]
[Round "1"]
[White "Poletto, Daniele"]
[Black "Rossi, Giampiero"]
[WhiteElo "1752"]
[BlackElo "1896"]
[Result "0-1"]
[PlyCount "102"]
[EventDate "2012.03.23"]

1. c4 e6 2. Nf3 d5 3. g3 c6 4. b3 Nf6 5. Bb2 Nbd7 6. Bg2 Be7 7. O-O O-O 8. d3
b6 9. Nbd2 Bb7 10. e4 Rc8 11. e5 Ne8 12. cxd5 cxd5 13. d4 Rc7 14. Rc1 Qb8 15.
Rxc7 Nxc7 16. Qb1 Rc8 17. Rc1 Ne8 18. Rxc8 Qxc8 19. Qc1 Qxc1+ 20. Bxc1 Nc7 21.
Bf1 Ba6 22. Bxa6 Nxa6 23. a3 Nc7 24. Nb1 f6 25. Kg2 Kf7 26. g4 g6 27. g5 fxe5
28. Nxe5+ Nxe5 29. dxe5 Bc5 30. f4 Ke8 31. a4 Kd7 32. Kf3 Kc6 33. Be3 a6 34.
Bxc5 Kxc5 35. Ke3 Kb4 36. Nd2 Kc3 37. h4 b5 38. axb5 Nxb5 39. Ke2 Nd4+ 40. Kd1
Nf5 41. Nf3 Kxb3 42. Kc1 Kc3 43. Nh2 Nxh4 44. Ng4 Ng2 45. Nf6 Nxf4 46. Nxh7
Nd3+ 47. Kb1 Nxe5 48. Nf8 d4 49. Nxe6 d3 50. Kc1 d2+ 51. Kd1 Nc4 0-1

[Event "XXI Weekend B"]
[Site "Ceriano Laghetto ITA"]
[Date "2012.03.??"]
[Round "1"]
[White "Regorda, Vittorio"]
[Black "Origgio, Stefano"]
[WhiteElo "1843"]
[BlackElo "1716"]
[Result "0-1"]
[PlyCount "76"]
[EventDate "2012.03.23"]

1. d4 Nf6 2. c4 e6 3. Nf3 b6 4. a3 Bb7 5. Nc3 d5 6. cxd5 exd5 7. g3 Be7 8. Bg2
O-O 9. O-O Nbd7 10. e3 Re8 11. Ne5 c6 12. f4 c5 13. Qf3 Ne4 14. Nxe4 dxe4 15.
Qf2 Nf6 16. b3 Qd5 17. dxc5 Bxc5 18. b4 Bd6 19. Bb2 Bxe5 20. fxe5 Ng4 21. Qf4
Nxe5 22. Bxe5 Rxe5 23. Rad1 Qe6 24. Bh3 Qe8 25. Rd4 f6 26. Bd7 Qh5 27. Ba4 Re7
28. Rfd1 h6 29. Rd8+ Rxd8 30. Rxd8+ Kh7 31. Bd1 Qg5 32. Qf2 Rc7 33. h4 Qe5 34.
Bb3 Bc8 35. Bg8+ Kg6 36. Rd5 Qa1+ 37. Kg2 h5 38. Rd2 Bg4 0-1

[Event "XXI Weekend B"]
[Site "Ceriano Laghetto ITA"]
[Date "2012.03.??"]
[Round "1"]
[White "Veri', Giustino"]
[Black "Recanatini, Italo"]
[WhiteElo "1696"]
[BlackElo "1810"]
[Result "1/2-1/2"]
[PlyCount "93"]
[EventDate "2012.03.23"]

1. d4 d5 2. Nf3 Bf5 3. c4 Bxb1 4. Rxb1 e6 5. Bg5 Be7 6. Bxe7 Nxe7 7. e3 Nd7 8.
cxd5 exd5 9. Bd3 h6 10. b4 c6 11. a4 a6 12. a5 Rc8 13. Qc2 O-O 14. O-O Re8 15.
Nh4 Nf8 16. Nf5 Nxf5 17. Bxf5 Rc7 18. Rb3 g6 19. Bh3 Rce7 20. Rd3 Kg7 21. g3 f5
22. Bg2 Nd7 23. Qd2 Nf6 24. Qc2 Re6 25. Qc1 Qe7 26. Re1 Qxb4 27. Qa1 Qf8 28.
Rb1 Rb8 29. Rdb3 Re7 30. Qb2 Qd8 31. Qa3 Qc7 32. Bf1 Ree8 33. Qb2 Re7 34. Bxa6
Qxa5 35. Bxb7 Ne4 36. Bxc6 Rxb3 37. Qxb3 Nd2 38. Qb4 Ra7 39. Qxa5 Rxa5 40. Rb5
Rxb5 41. Bxb5 Kf7 42. Bc6 Ke6 43. h4 g5 44. hxg5 hxg5 45. Bb7 f4 46. gxf4 gxf4
47. exf4 1/2-1/2

[Event "XXI Weekend B"]
[Site "Ceriano Laghetto ITA"]
[Date "2012.03.??"]
[Round "1"]
[White "Visigalli, Cesare"]
[Black "Confalonieri, Luca"]
[WhiteElo "1785"]
[BlackElo "1605"]
[Result "0-1"]
[PlyCount "76"]
[EventDate "2012.03.23"]

1. e4 e5 2. Nf3 Nc6 3. Bb5 a6 4. Bxc6 dxc6 5. O-O Bg4 6. h3 Bh5 7. d3 Nf6 8.
Bg5 h6 9. Bh4 g5 10. Bg3 Bd6 11. Nbd2 Qd7 12. Bxe5 Bxe5 13. Nxe5 Qe6 14. Nef3
O-O-O 15. Re1 g4 16. hxg4 Bxg4 17. Nf1 h5 18. Ng5 Qe7 19. Qd2 h4 20. Nh2 Rdg8
21. f4 Bd7 22. Qf2 Kb8 23. e5 Nh7 24. Nhf3 h3 25. d4 hxg2 26. Qxg2 Nxg5 27.
Nxg5 f6 28. exf6 Qxf6 29. Qf2 Qh6 30. Kf1 Qh1+ 31. Ke2 Re8+ 32. Kd2 Qd5 33. b3
Qa5+ 34. c3 Qa3 35. Kd3 Bf5+ 36. Ne4 Rh3+ 37. Re3 Bxe4+ 38. Kd2 Qb2+ 0-1

[Event "XXI Weekend B"]
[Site "Ceriano Laghetto ITA"]
[Date "2012.03.??"]
[Round "2"]
[White "Adami, Antonio"]
[Black "Manca, Renato"]
[WhiteElo "1705"]
[BlackElo "1701"]
[Result "1-0"]
[PlyCount "99"]
[EventDate "2012.03.23"]

1. e4 d5 2. exd5 c6 3. d4 cxd5 4. Nf3 Bg4 5. Be2 Nc6 6. O-O Nf6 7. c3 e6 8. Bg5
Be7 9. Nbd2 O-O 10. h3 Bf5 11. Nh4 Ne4 12. Bxe7 Nxe7 13. Ndf3 h6 14. Nxf5 Nxf5
15. Ne5 Qg5 16. a4 Nh4 17. g4 Nd2 18. f4 Nhf3+ 19. Nxf3 Qxf4 20. Qxd2 Qg3+ 21.
Kh1 Qxh3+ 22. Nh2 f5 23. Rf3 Qh4 24. gxf5 exf5 25. Rf4 Qe7 26. Bf3 Qd7 27. Bg2
g5 28. Rf2 Rf6 29. Nf3 f4 30. Ne5 Qe6 31. Qe2 h5 32. c4 Kg7 33. Bxd5 Qf5 34.
Nf3 Raf8 35. Rg1 g4 36. Qe7+ R8f7 37. Bxf7 Rxf7 38. Qe5+ Kh6 39. Qxf5 Rxf5 40.
Ne5 g3 41. Rxg3 Rxe5 42. Rxf4 Re7 43. Rgf3 b5 44. axb5 a5 45. bxa6 Kg5 46. d5
h4 47. Kh2 h3 48. Kxh3 Rh7+ 49. Kg3 Rh1 50. b4 1-0

[Event "XXI Weekend B"]
[Site "Ceriano Laghetto ITA"]
[Date "2012.03.??"]
[Round "2"]
[White "Brioschi, Camillo"]
[Black "Veri', Giustino"]
[WhiteElo "1839"]
[BlackElo "1696"]
[Result "1/2-1/2"]
[PlyCount "124"]
[EventDate "2012.03.23"]

1. d4 Nf6 2. c4 g6 3. Nc3 d5 4. Bf4 Bg7 5. e3 c5 6. dxc5 Qa5 7. Rc1 dxc4 8.
Bxc4 O-O 9. Nf3 Nbd7 10. O-O Nxc5 11. a3 Ne6 12. Bg3 Nh5 13. Qb3 Nxg3 14. hxg3
b6 15. Nd5 Bf6 16. Rfd1 b5 17. Nxf6+ exf6 18. Bd5 Rb8 19. Qc3 Qxc3 20. Rxc3 Bb7
21. e4 Rfd8 22. Kf1 Kg7 23. Ke1 Nf8 24. Rc7 Bxd5 25. Rxd5 Rxd5 26. exd5 Rd8 27.
Rxa7 Rxd5 28. Rb7 Ne6 29. b4 h5 30. Ke2 g5 31. a4 bxa4 32. Ra7 g4 33. Ne1 Nd4+
34. Kf1 Nb3 35. Rxa4 Rd1 36. Ke2 Rd2+ 37. Ke3 Rd1 38. Nd3 Nc1 39. Ra3 Nxd3 40.
Rxd3 Rb1 41. Rd4 f5 42. Kd3 Kf6 43. Kc2 Ke5 44. Rf4 Ra1 45. b5 Ra8 46. Kc3 Rb8
47. Kb4 h4 48. Kc5 Rc8+ 49. Kb6 Rb8+ 50. Kc6 Rh8 51. Rb4 h3 52. gxh3 gxh3 53.
f4+ Ke6 54. Rb1 h2 55. Re1+ Kf6 56. Rh1 Rc8+ 57. Kb7 Rc2 58. b6 Ke6 59. Kb8 Kd7
60. Rd1+ Ke7 61. b7 Rg2 62. Rc1 Kd7 1/2-1/2

[Event "XXI Weekend B"]
[Site "Ceriano Laghetto ITA"]
[Date "2012.03.??"]
[Round "2"]
[White "Casale, Anania"]
[Black "Ruo, Andrea"]
[WhiteElo "1725"]
[BlackElo "1638"]
[Result "1-0"]
[PlyCount "47"]
[EventDate "2012.03.23"]

1. d4 Nf6 2. c4 g6 3. Nc3 Bg7 4. e4 d6 5. h3 O-O 6. Nf3 Nbd7 7. Be3 c5 8. d5
Re8 9. Bd3 Nf8 10. O-O e5 11. a3 Bd7 12. b4 b6 13. Nd2 Bh8 14. Rb1 Rb8 15. Ne2
Qc8 16. Kh2 Nh5 17. f4 exf4 18. Nxf4 Be5 19. Kh1 Nxf4 20. Bxf4 Bxf4 21. Rxf4
Bxh3 22. Qf3 Bd7 23. Rxf7 Re5 24. Qf6 1-0

[Event "XXI Weekend B"]
[Site "Ceriano Laghetto ITA"]
[Date "2012.03.??"]
[Round "2"]
[White "Colombo, Luca"]
[Black "Visigalli, Cesare"]
[WhiteElo "1887"]
[BlackElo "1785"]
[Result "1-0"]
[PlyCount "75"]
[EventDate "2012.03.23"]

1. e4 c6 2. d4 d5 3. Nc3 dxe4 4. Nxe4 Bf5 5. Ng3 Bg6 6. h4 h6 7. Nh3 Nd7 8. Nf4
Bh7 9. c3 e6 10. Nfh5 Ngf6 11. Qf3 Nxh5 12. Nxh5 Nf6 13. Nxf6+ Qxf6 14. Qxf6
gxf6 15. Bf4 Bg7 16. O-O-O O-O-O 17. Bc4 Be4 18. f3 Bd5 19. Bxd5 Rxd5 20. g4
Rhd8 21. h5 e5 22. dxe5 Rxd1+ 23. Rxd1 Rxd1+ 24. Kxd1 fxe5 25. Be3 a6 26. Kd2
Kd7 27. Kd3 b5 28. Ke4 Ke6 29. b3 Bf8 30. f4 exf4 31. Bxf4 Bg7 32. c4 f6 33.
cxb5 cxb5 34. Be3 Bf8 35. a4 bxa4 36. bxa4 Kf7 37. Kd5 Kg7 38. Ke6 1-0

[Event "XXI Weekend B"]
[Site "Ceriano Laghetto ITA"]
[Date "2012.03.??"]
[Round "2"]
[White "Confalonieri, Luca"]
[Black "Moroni, Luca"]
[WhiteElo "1605"]
[BlackElo "1801"]
[Result "0-1"]
[PlyCount "165"]
[EventDate "2012.03.23"]

1. e4 c5 2. Nf3 d6 3. d4 cxd4 4. Nxd4 Nf6 5. Nc3 g6 6. Bc4 Nc6 7. Nxc6 bxc6 8.
e5 Ng4 9. e6 d5 10. Qxg4 dxc4 11. exf7+ Kxf7 12. Qxc4+ Be6 13. Qxc6 Bg7 14.
Qf3+ Kg8 15. Bd2 Bf6 16. O-O-O Rb8 17. Bf4 Qb6 18. Bxb8 Qxb8 19. Rhe1 Bf7 20.
Rd7 Kg7 21. Rb7 Qd8 22. Rxa7 Bg5+ 23. Kb1 Rf8 24. Qg3 h6 25. f4 Bf6 26. f5 g5
27. h4 Qb6 28. Ra3 Rb8 29. b3 Qb4 30. Kb2 Rc8 31. Re3 Be8 32. hxg5 hxg5 33. Ra6
Bd7 34. a3 Qc5 35. b4 Qxf5 36. Rf3 Qg6 37. Kb1 Bf5 38. Rf2 Rxc3 39. Qxc3 Bxc3
40. Rxg6+ Kxg6 41. Rf3 Bd4 42. Rf1 e5 43. Kc1 Be4 44. g4 Bd5 45. Rf8 Be6 46.
Kd2 Bxg4 47. c3 Bg1 48. c4 Be6 49. c5 g4 50. Rf1 Bd4 51. c6 g3 52. Rf3 Bf2 53.
Rxf2 gxf2 54. Ke2 Bd5 55. c7 Bb7 56. Kxf2 Kf6 57. Ke3 Ke6 58. a4 Kd7 59. a5
Kxc7 60. Kd3 Kc6 61. Ke4 Kd6+ 62. Kd3 Ba6+ 63. Ke4 Bb5 64. Ke3 Kd5 65. Kd2 Kd4
66. Ke1 e4 67. Kd2 e3+ 68. Ke1 Kc3 69. Kd1 e2+ 70. Ke1 Kxb4 71. a6 Bxa6 72. Kf2
Kc3 73. Ke1 Kc2 74. Kf2 Kd2 75. Kf3 e1=Q 76. Kf4 Kd3 77. Kf5 Kd4 78. Kf6 Kd5
79. Kf7 Kd6 80. Kf6 Qf2+ 81. Kg5 Ke5 82. Kg4 Bc8+ 83. Kh5 0-1

[Event "XXI Weekend B"]
[Site "Ceriano Laghetto ITA"]
[Date "2012.03.??"]
[Round "2"]
[White "Coppola, Federico"]
[Black "Burani, Eugenio"]
[WhiteElo "1825"]
[BlackElo "1879"]
[Result "1-0"]
[PlyCount "101"]
[EventDate "2012.03.23"]

1. e4 c5 2. Nf3 Nc6 3. d4 cxd4 4. Nxd4 a6 5. c4 e6 6. Nc3 Bb4 7. Nxc6 bxc6 8.
Be3 Nf6 9. f3 O-O 10. e5 Ne8 11. Qb3 Qa5 12. Bd4 c5 13. Be3 Qc7 14. f4 d5 15.
cxd5 exd5 16. Qxd5 Bb7 17. Qc4 Qc6 18. O-O-O Bxc3 19. Qxc3 Qa4 20. Qc4 Qc6 21.
Kb1 Rc8 22. Rg1 Nc7 23. Rd6 Qe4+ 24. Qxe4 Bxe4+ 25. Ka1 a5 26. Bc4 Rfd8 27.
Rgd1 Rxd6 28. exd6 Rd8 29. Bxc5 Ne8 30. Bb5 Bf5 31. Bxe8 Rxe8 32. a4 Bd7 33.
Rd2 Re4 34. b3 f5 35. Kb2 Kf7 36. Kc3 Ke6 37. Bb6 Bc6 38. g3 Kd7 39. Bxa5 Re3+
40. Kb2 Be4 41. Bc3 g6 42. Be5 Re1 43. b4 Rb1+ 44. Ka3 h6 45. a5 h5 46. Bb2 Re1
47. Ka4 Bb7 48. Kb5 Re8 49. Kb6 Be4 50. a6 Rb8+ 51. Ka5 1-0

[Event "XXI Weekend B"]
[Site "Ceriano Laghetto ITA"]
[Date "2012.03.??"]
[Round "2"]
[White "Giovarruscio, Gabriele"]
[Black "Lipari, Alberto"]
[WhiteElo "1722"]
[BlackElo "1609"]
[Result "1-0"]
[PlyCount "119"]
[EventDate "2012.03.23"]

1. d4 g6 2. c4 Bg7 3. Nc3 d6 4. Nf3 Nc6 5. g3 Bg4 6. Be3 e5 7. dxe5 Bxf3 8.
exf3 Nxe5 9. f4 Nc6 10. Rc1 Nge7 11. Bg2 O-O 12. O-O Re8 13. Re1 Qd7 14. h4 h5
15. Kh2 Nf5 16. Bh3 Nce7 17. Qd3 Qc6 18. Bg2 Qa6 19. a3 Rad8 20. Qf1 c6 21. Rc2
d5 22. cxd5 cxd5 23. Qxa6 bxa6 24. Bxa7 d4 25. Nd1 d3 26. Rd2 Bd4 27. Bxd4 Rxd4
28. Nc3 Nd6 29. Bf1 Nc4 30. Rxd3 Rxd3 31. Bxd3 Nxb2 32. Bxa6 Kf8 33. Ra1 Ra8
34. Bf1 Nc8 35. a4 Nd6 36. a5 Nbc4 37. a6 Ke8 38. Nd5 Kd8 39. Ra4 Nb2 40. Ra1
Nbc4 41. Nb4 Nb6 42. Bg2 Rc8 43. a7 Na8 44. Nc6+ Kc7 45. Ne7 Rd8 46. Nd5+ Kd7
47. Ra6 Ke6 48. Nb6 Nc7 49. a8=Q Nxa8 50. Rxa8 Rxa8 51. Bxa8 Nf5 52. Nc4 Nd4
53. Kg2 f6 54. Ne3 Kf7 55. Bd5+ Kg7 56. f3 Kh6 57. Kf2 Nf5 58. Nxf5+ gxf5 59.
Be6 Kg6 60. Ke3 1-0

[Event "XXI Weekend B"]
[Site "Ceriano Laghetto ITA"]
[Date "2012.03.??"]
[Round "2"]
[White "Mason, Giovanni"]
[Black "Adami, Alessandro"]
[WhiteElo "1673"]
[BlackElo "1727"]
[Result "1/2-1/2"]
[PlyCount "112"]
[EventDate "2012.03.23"]

1. e4 c5 2. Nf3 d6 3. d4 cxd4 4. Nxd4 Nf6 5. Nc3 a6 6. Bg5 e6 7. Qd3 Nbd7 8.
Bxf6 Nxf6 9. f4 Qc7 10. Be2 e5 11. fxe5 dxe5 12. Nf3 Be6 13. O-O g6 14. Nh4 Bg7
15. Rad1 O-O 16. Qd6 Qxd6 17. Rxd6 Rfd8 18. Rxd8+ Rxd8 19. Rd1 Rxd1+ 20. Bxd1
b5 21. b4 Nd7 22. h3 Nb6 23. Nf3 f6 24. Ne1 Nc4 25. a4 bxa4 26. Nxa4 Bf8 27. c3
Nd2 28. Bc2 Bd7 29. Nb6 Bc6 30. Nd5 Kf7 31. Nf3 Nxf3+ 32. gxf3 Bh6 33. Bb3 Bxd5
34. Bxd5+ Ke7 35. c4 Bd2 36. b5 axb5 37. cxb5 Be3+ 38. Kf1 Kd6 39. Ke2 Bd4 40.
Kd3 Kc5 41. Bc6 Bf2 42. Be8 Bd4 43. h4 Bf2 44. h5 gxh5 45. Bxh5 Kxb5 46. Bg4
Kc5 47. Ke2 Bg3 48. Kf1 Kd6 49. Kg2 Bh4 50. Kh3 Bg5 51. Bh5 Bh6 52. Be8 Ke7 53.
Bc6 Kd6 54. Bd5 Bf4 55. Bg8 h6 56. Bf7 Kc5 1/2-1/2

[Event "XXI Weekend B"]
[Site "Ceriano Laghetto ITA"]
[Date "2012.03.??"]
[Round "2"]
[White "Merlotti, Marco"]
[Black "Origgio, Stefano"]
[WhiteElo "1734"]
[BlackElo "1716"]
[Result "1-0"]
[PlyCount "107"]
[EventDate "2012.03.23"]

1. d4 Nf6 2. c4 e6 3. Nc3 Bb4 4. Qc2 d5 5. cxd5 exd5 6. Bg5 O-O 7. e3 c6 8. Bd3
h6 9. Bh4 Re8 10. a3 Bxc3+ 11. Qxc3 Qd6 12. Bg3 Qe7 13. Nf3 Bg4 14. Ne5 Nbd7
15. Nxd7 Bxd7 16. b4 Ne4 17. Qc2 Bf5 18. O-O Nxg3 19. hxg3 Bxd3 20. Qxd3 Qe4
21. Qxe4 Rxe4 22. Rfc1 Re6 23. Rc2 a6 24. Rac1 f5 25. a4 Kf7 26. b5 axb5 27.
axb5 Rc8 28. Rc5 Ke7 29. Rxd5 cxd5 30. Rxc8 Kd7 31. Rc5 Kd6 32. Kf1 g6 33. Ke2
b6 34. Rc8 h5 35. Rd8+ Kc7 36. Rxd5 Re8 37. Re5 Rd8 38. Re7+ Rd7 39. Rxd7+ Kxd7
40. Kd3 Ke6 41. f3 Kd6 42. e4 Kd7 43. d5 Kd6 44. Kd4 fxe4 45. fxe4 g5 46. e5+
Ke7 47. Ke4 h4 48. gxh4 gxh4 49. Kf5 Kf7 50. d6 Kf8 51. Kf6 Ke8 52. e6 Kd8 53.
Kf7 Kc8 54. Ke7 1-0